Virtual reference service : (Record no. 25946)

MARC details
000 -LEADER
fixed length control field 02167nam a2200289 a 4500
001 - CONTROL NUMBER
control field vtls003113370
003 - CONTROL NUMBER IDENTIFIER
control field MY-SjTCS
005 - DATE AND TIME OF LATEST TRANSACTION
control field 20200306154201.0
008 - FIXED-LENGTH DATA ELEMENTS--GENERAL INFORMATION
fixed length control field 080616s2008 xxu 000 0 eng d
020 ## - INTERNATIONAL STANDARD BOOK NUMBER
International Standard Book Number 9781856046381 (pbk.)
039 #9 - LEVEL OF BIBLIOGRAPHIC CONTROL AND CODING DETAIL [OBSOLETE]
Level of rules in bibliographic description 200810211149
Level of effort used to assign nonsubject heading access points mas
-- 200806161522
-- shahriman
082 04 - DEWEY DECIMAL CLASSIFICATION NUMBER
Classification number 025.52
Item number VIR
245 00 - TITLE STATEMENT
Title Virtual reference service :
Remainder of title from competencies to assessment /
Statement of responsibility, etc. R. David Lankes ... [et al.] ; edited by Philip Nast.
260 ## - PUBLICATION, DISTRIBUTION, ETC.
Place of publication, distribution, etc. New York :
Name of publisher, distributor, etc. Neal-Schuman Publishers,
Date of publication, distribution, etc. c2008 .
300 ## - PHYSICAL DESCRIPTION
Extent xvii, 206 p. :
Other physical details ill. ;
Dimensions 23 cm.
500 ## - GENERAL NOTE
General note PDM (Professional Development Material)
504 ## - BIBLIOGRAPHY, ETC. NOTE
Bibliography, etc. note Includes bibliographical references and index.
505 0# - FORMATTED CONTENTS NOTE
Formatted contents note Creating your own consortium in less than six months : a true story of virtual reference / Helene Lafrance, Locke Morrisey, and Judy Trump -- Implementing VR on the fly : staff motivation and buy-in / Clara Ogbaa, Lorin Flores Fisher, and Lisa Ancelet -- Adding instant messaging to an established virtual reference service : asking "r u there?" / Pam Sessoms and Jean Ferguson -- Responding to triage taxonomy : answering virtual medical questions / Catherine Arnott Smith -- The evolving role of reference librarians in the health sciences environment / Gabriel R. Rios -- Examining interpersonal communication in virtual reference encounters : the Library LAWLINE Consortium / Marie L. Radford -- Assessing inappropriate use : learning from the AskColorado experience / Jack Maness and Sarah Naper -- Meeting the challenges of reference service in a hybrid environment : teaching LIS students today / Debbie L. Rabina -- A comprehensive VR training program / Joann Wasik.
650 #0 - SUBJECT ADDED ENTRY--TOPICAL TERM
Topical term or geographic name entry element Electronic reference services (Libraries)
9 (RLIN) 25875
650 #0 - SUBJECT ADDED ENTRY--TOPICAL TERM
Topical term or geographic name entry element Reference services (Libraries)
General subdivision Information technology.
9 (RLIN) 208079
650 #0 - SUBJECT ADDED ENTRY--TOPICAL TERM
Topical term or geographic name entry element Reference services (Libraries)
General subdivision Information technology.
9 (RLIN) 208079
650 #0 - SUBJECT ADDED ENTRY--TOPICAL TERM
Topical term or geographic name entry element Electronic reference services (Libraries)
General subdivision Study and teaching.
9 (RLIN) 208080
650 #0 - SUBJECT ADDED ENTRY--TOPICAL TERM
Topical term or geographic name entry element Reference librarians
General subdivision Effect of technological innovations on.
9 (RLIN) 208081
700 1# - ADDED ENTRY--PERSONAL NAME
Personal name Lankes, R. David.
9 (RLIN) 29506
700 1# - ADDED ENTRY--PERSONAL NAME
Personal name Nast, Philip.
9 (RLIN) 208082
920 ## - Programme
Programme GRL : 182614
Holdings
Withdrawn status Lost status Source of classification or shelving scheme Damaged status Not for loan Collection code Home library Current library Date acquired Cost, normal purchase price Total Checkouts Barcode Date last seen Date last checked out Copy number Cost, replacement price Koha item type Public note
Withdrawn   Dewey Decimal Classification     Please fill up online form at https://taylorslibrary.taylors.edu.my/services/external_storage1 Taylor's Library-TU TU External Storage-LCS 16/06/2008 242.41   1000518863 05/12/2019 01/02/2010 1 242.41 Main Collection GENLS,GENLS,03,GR